The model patient / Lucy Ashe
Available copies
- 1 of 2 copies available at LARL/NWRL Consortium.
- 1 of 2 copies available at Lake Agassiz Regional Library. (Show preferred library)
Current holds
0 current holds with 2 total copies.
Show Only Available Copies
| Location | Call Number / Copy Notes | Barcode | Shelving Location | Status | Due Date |
|---|---|---|---|---|---|
| Fosston Public Library | ASH (Text) | 33500014378269 | New | Available | - |
| Hawley Public Library | ASH (Text) | 33500014378277 | New | Checked out | 06/24/2026 |
Record details
- ISBN: 1454960779
- ISBN: 9781454960775
- Physical Description: 342 pages ; 21 cm
- Edition: First U.S. editon.
- Publisher: New York : Union Square & Co., 2026
- Copyright: ©2026
Content descriptions
| Bibliography, etc. Note: | Includes bibliographical references (pages ... Read More |
| Summary, etc.: | Evelyn Westbrook has given up her career as a ... Read More |
Search for related items by subject
| Genre: | Psychological fiction. Suspense fiction. Historical fiction. Psychological fiction. Thrillers (Fiction) Historical fiction. Novels. |
| LDR | 02929cam a2200625 i 4500 | ||
|---|---|---|---|
| 001 | 483931 | ||
| 003 | LARL_NWRL_CONSORTIUM | ||
| 005 | 20260518181347.0 | ||
| 008 | 250808t20262026nyu e b 000 1 eng d | ||
| 040 | . | ‡aYDX ‡beng ‡erda ‡cYDX ‡dBDX ‡dIG# ‡dOCLCO ‡dOCLCQ ‡dHQD ‡dOCLCO ‡dMJ8 ‡dOCLCO ‡dJNE ‡dOCLCO ‡dNYP ‡dRNL ‡dOCLCO ‡dJTH ‡dOCLCO ‡dYU6 | |
| 020 | . | ‡a1454960779 ‡q(paperback) | |
| 020 | . | ‡a9781454960775 ‡q(paperback) | |
| 035 | . | ‡a(OCoLC)1531082960 | |
| 082 | 0 | 4. | ‡a[Fic] |
| 100 | 1 | . | ‡aAshe, Lucy, ‡eauthor. |
| 245 | 1 | 4. | ‡aThe model patient / ‡cLucy Ashe |
| 250 | . | ‡aFirst U.S. editon. | |
| 264 | 1. | ‡aNew York : ‡bUnion Square & Co., ‡c2026 | |
| 264 | 4. | ‡c©2026 | |
| 300 | . | ‡a342 pages ; ‡c21 cm | |
| 336 | . | ‡atext ‡btxt ‡2rdacontent | |
| 337 | . | ‡aunmediated ‡bn ‡2rdamedia | |
| 338 | . | ‡avolume ‡bnc ‡2rdacarrier | |
| 504 | . | ‡aIncludes bibliographical references (pages 339-340). | |
| 520 | . | ‡aEvelyn Westbrook has given up her career as a model and wants to find fulfilment in married life. But when her husband suggests they start trying for a baby, everything begins to unravel. Struggling to cope with crippling nightmares, Evelyn takes the advice of a friend and goes to see a psychotherapist. She is apprehensive about exposing her intimate issues: what she absolutely does not want to do is unearth the secrets of her past. The enigmatic Dr. Daley, however, is determined to take her back there, and she soon finds herself drawn to him. Evelyn's interest in her therapist turns to obsession, and she becomes locked in a powerful relationship where the question of whether he is caring for her or manipulating her becomes impossible to untangle. | |
| 650 | 0. | ‡aMarriage ‡vFiction. ‡0(LARL_NWRL_CONSORTIUM)166003 | |
| 650 | 0. | ‡aMan-woman relationships ‡vFiction. ‡0(LARL_NWRL_CONSORTIUM)165985 | |
| 650 | 0. | ‡aPsychotherapists ‡vFiction. | |
| 650 | 0. | ‡aWomen ‡vFiction. | |
| 650 | 0. | ‡aPsychotherapist and patient ‡vFiction. ‡0(LARL_NWRL_CONSORTIUM)166583 | |
| 651 | 0. | ‡aLondon (England) ‡vFiction. ‡0(LARL_NWRL_CONSORTIUM)165879 | |
| 650 | 0. | ‡aNineteen sixties ‡vFiction. ‡0(LARL_NWRL_CONSORTIUM)173715 | |
| 650 | 0. | ‡aWomen. ‡0(LARL_NWRL_CONSORTIUM)34553 | |
| 655 | 0. | ‡aPsychological fiction. | |
| 655 | 0. | ‡aSuspense fiction. | |
| 655 | 0. | ‡aHistorical fiction. | |
| 655 | 7. | ‡aPsychological fiction. ‡2lcgft | |
| 655 | 7. | ‡aThrillers (Fiction) ‡2lcgft | |
| 655 | 7. | ‡aHistorical fiction. ‡2lcgft | |
| 655 | 7. | ‡aNovels. ‡2lcgft | |
| 936 | . | ‡aBATCHLOAD | |
| 901 | . | ‡a483931 ‡bOCoLC ‡c483931 ‡tbiblio ‡soclc | |

Add to basket
Permalink
Disable Highlighting